Neuro-oftalmologi / (Post nr. 5744)

MARC-detaljer
000 -LEADER
fixed length control field 07913cam a2201657 a 4500
001 - CONTROL NUMBER
control field 8352505
003 - CONTROL NUMBER IDENTIFIER
control field LIBRIS
005 - DATE AND TIME OF LATEST TRANSACTION
control field 20200917143907.0
008 - FIXED-LENGTH DATA ELEMENTS--GENERAL INFORMATION
fixed length control field 020113s1996 sw |||||||||||001 0|swe|
020 ## - INTERNATIONAL STANDARD BOOK NUMBER
International Standard Book Number 9144000804
Qualifying information KORR.
Terms of availability 220:00
020 ## - INTERNATIONAL STANDARD BOOK NUMBER
International Standard Book Number 9789144000800
020 ## - INTERNATIONAL STANDARD BOOK NUMBER
Canceled/invalid ISBN 914400804
035 ## - SYSTEM CONTROL NUMBER
System control number (Mo)b1056601
040 ## - CATALOGING SOURCE
Original cataloging agency NB
Description conventions a
041 ## - LANGUAGE CODE
Language code of text/sound track or separate title swe
060 #4 - NATIONAL LIBRARY OF MEDICINE CALL NUMBER
Classification number WW 460
082 04 - DEWEY DECIMAL CLASSIFICATION NUMBER
Classification number 617.7
Edition number 22
084 ## - OTHER CLASSIFICATION NUMBER
Classification number Vi
Number source kssb/6
084 ## - OTHER CLASSIFICATION NUMBER
Classification number Vie
Number source kssb/6
084 ## - OTHER CLASSIFICATION NUMBER
Classification number Vi
Number source kssb/8
084 ## - OTHER CLASSIFICATION NUMBER
Classification number Vi
Number source kssb
100 1# - MAIN ENTRY--PERSONAL NAME
Personal name Bynke, Hans G.,
Dates associated with a name 1926-
Authority record control number or standard number https://libris.kb.se/sq466z4b407vc97#it
245 00 - TITLE STATEMENT
Title Neuro-oftalmologi /
Statement of responsibility, etc. Hans Bynke.
250 ## - EDITION STATEMENT
Edition statement 3., [rev. och utvidgade] uppl.
264 #1 - PRODUCTION, PUBLICATION, DISTRIBUTION, MANUFACTURE, AND COPYRIGHT NOTICE
Place of production, publication, distribution, manufacture Lund :
Name of producer, publisher, distributor, manufacturer Studentlitteratur,
Date of production, publication, distribution, manufacture, or copyright notice 1996
264 #3 - PRODUCTION, PUBLICATION, DISTRIBUTION, MANUFACTURE, AND COPYRIGHT NOTICE
Place of production, publication, distribution, manufacture Lund :
Name of producer, publisher, distributor, manufacturer Studentlitteratur
300 ## - PHYSICAL DESCRIPTION
Extent 156 s.
Other physical details ill.
Dimensions 23 cm
340 ## - PHYSICAL MEDIUM
Dimensions 23 cm
500 ## - GENERAL NOTE
General note 2. [tr.], 1999 ; 3. tr., 2002 ; 4. tr., 2006 ; 5. tr., 2007 ; 7. tr., 2009 ; 8. tr., 2010
500 ## - GENERAL NOTE
Institution to which field applies Li
General note Pliktex.
500 ## - GENERAL NOTE
Institution to which field applies Mo
General note svenska
500 ## - GENERAL NOTE
Institution to which field applies S
General note Tryckningar finns
505 8# - FORMATTED CONTENTS NOTE
Formatted contents note Ögonbottenförändringar -- Synfältsdefekter och högre visuella störningar -- Pupillrubbningar -- Ögonmuskelpareser -- Blickrörelserubbningar -- Patologisk nystagmus och nystagmoida ögonrörelser -- Huvud- och ansiktsvärk med ögonmanifestationer -- Neuro-oftalmologiska symptomkomplex
650 #2 - SUBJECT ADDED ENTRY--TOPICAL TERM
Topical term or geographic name entry element Eye diseases
650 #2 - SUBJECT ADDED ENTRY--TOPICAL TERM
Topical term or geographic name entry element Eye manifestations
650 #2 - SUBJECT ADDED ENTRY--TOPICAL TERM
Topical term or geographic name entry element Neurologic manifestations
650 #4 - SUBJECT ADDED ENTRY--TOPICAL TERM
Topical term or geographic name entry element Neurooftalmologi
650 #2 - SUBJECT ADDED ENTRY--TOPICAL TERM
Topical term or geographic name entry element Eye diseases
650 #2 - SUBJECT ADDED ENTRY--TOPICAL TERM
Topical term or geographic name entry element Eye manifestations
650 #2 - SUBJECT ADDED ENTRY--TOPICAL TERM
Topical term or geographic name entry element Neurologic manifestations
650 #2 - SUBJECT ADDED ENTRY--TOPICAL TERM
Topical term or geographic name entry element complications
650 #2 - SUBJECT ADDED ENTRY--TOPICAL TERM
Topical term or geographic name entry element eye diseases
650 #2 - SUBJECT ADDED ENTRY--TOPICAL TERM
Topical term or geographic name entry element eye manifestations
650 #2 - SUBJECT ADDED ENTRY--TOPICAL TERM
Topical term or geographic name entry element nervous system diseases
650 #4 - SUBJECT ADDED ENTRY--TOPICAL TERM
Topical term or geographic name entry element Neurooftalmologi
653 ## - INDEX TERM--UNCONTROLLED
Uncontrolled term Neurooftalmologi
653 ## - INDEX TERM--UNCONTROLLED
Uncontrolled term Oftalmologi
653 ## - INDEX TERM--UNCONTROLLED
Uncontrolled term Ögat
653 ## - INDEX TERM--UNCONTROLLED
Uncontrolled term Neurooftalmologi
653 ## - INDEX TERM--UNCONTROLLED
Uncontrolled term Medicin
653 ## - INDEX TERM--UNCONTROLLED
Uncontrolled term Oftalmologi
653 ## - INDEX TERM--UNCONTROLLED
Uncontrolled term Ögat
655 #4 - INDEX TERM--GENRE/FORM
Institution to which field applies Mo
Genre/form data or focus term Bok
775 1# - OTHER EDITION ENTRY
Record control number 9970015486
887 ## - NON-MARC INFORMATION FIELD
Content of non-MARC field {"@id":"h0sps5ct59l7thg","modified":"2019-06-12T17:31:56.948+02:00","checksum":"44011129513"}
Source of data librisxl
887 ## - NON-MARC INFORMATION FIELD
Content of non-MARC field {"@id":"chnb38fj4lxtz9p","modified":"2018-06-05T18:38:44.782+02:00","checksum":"86845215194"}
Source of data librisxl
887 ## - NON-MARC INFORMATION FIELD
Content of non-MARC field {"@id":"djpc49gk4cbrnpc","modified":"2002-03-25T11:36:11+01:00","checksum":"57860462807"}
Source of data librisxl
887 ## - NON-MARC INFORMATION FIELD
Content of non-MARC field {"@id":"hmsg7dkn19hjqc9","modified":"2012-04-17T11:52:18+02:00","checksum":"64118490034"}
Source of data librisxl
887 ## - NON-MARC INFORMATION FIELD
Content of non-MARC field {"@id":"jnth8flp1s08v29","modified":"2016-08-03T14:32:34+02:00","checksum":"58723237683"}
Source of data librisxl
887 ## - NON-MARC INFORMATION FIELD
Content of non-MARC field {"@id":"kpvj9gmq4xkc56r","modified":"2004-05-14T13:24:38+02:00","checksum":"63927551090"}
Source of data librisxl
887 ## - NON-MARC INFORMATION FIELD
Content of non-MARC field {"@id":"lqwkbhnr3nl7m8z","modified":"2018-06-05T18:38:44.795+02:00","checksum":"66031029350"}
Source of data librisxl
887 ## - NON-MARC INFORMATION FIELD
Content of non-MARC field {"@id":"mrxlcjps1f0pj3j","modified":"2011-05-06T11:06:14+02:00","checksum":"60464796621"}
Source of data librisxl
887 ## - NON-MARC INFORMATION FIELD
Content of non-MARC field {"@id":"qv1pgmsw3tj7n36","modified":"2020-02-26T14:09:07.305+01:00","checksum":"68974335245"}
Source of data librisxl
887 ## - NON-MARC INFORMATION FIELD
Content of non-MARC field {"@id":"sx519nrz1mjm5hj","modified":"2015-11-10T11:17:45+01:00","checksum":"52682897278"}
Source of data librisxl
887 ## - NON-MARC INFORMATION FIELD
Content of non-MARC field {"@id":"mrxn6vps48spjb6","modified":"2014-03-28T12:51:30+01:00","checksum":"58664587213"}
Source of data librisxl
887 ## - NON-MARC INFORMATION FIELD
Content of non-MARC field {"@id":"9fmz3trg0wmdcmx","modified":"2011-11-17T11:55:36+01:00","checksum":"39519566785"}
Source of data librisxl
887 ## - NON-MARC INFORMATION FIELD
Content of non-MARC field {"@id":"sx3rjpvz1grv1tf","modified":"2012-11-15T12:25:00+01:00","checksum":"64175775743"}
Source of data librisxl
887 ## - NON-MARC INFORMATION FIELD
Content of non-MARC field {"@id":"nszmdkqt1nm44hl","modified":"2017-10-24T15:17:03+02:00","checksum":"76060715626"}
Source of data librisxl
887 ## - NON-MARC INFORMATION FIELD
Content of non-MARC field {"@id":"w16vms023h7ll6n","modified":"2018-06-05T18:38:44.818+02:00","checksum":"58471044803"}
Source of data librisxl
887 ## - NON-MARC INFORMATION FIELD
Content of non-MARC field {"@id":"w172jt920l48ncv","modified":"2011-04-28T15:44:44+02:00","checksum":"61369690556"}
Source of data librisxl
887 ## - NON-MARC INFORMATION FIELD
Content of non-MARC field {"@id":"z38xpv242l1wwk3","modified":"2016-10-17T12:26:22+02:00","checksum":"66476012985"}
Source of data librisxl
887 ## - NON-MARC INFORMATION FIELD
Content of non-MARC field {"@id":"w177p7w208mk464","modified":"2009-02-23T14:43:08+01:00","checksum":"66102660415"}
Source of data librisxl
887 ## - NON-MARC INFORMATION FIELD
Content of non-MARC field {"@id":"15b0rx463mtt09m","modified":"2018-06-05T18:38:44.828+02:00","checksum":"69030436122"}
Source of data librisxl
887 ## - NON-MARC INFORMATION FIELD
Content of non-MARC field {"@id":"6bh5x39c0jswk23","modified":"2018-06-05T18:38:44.846+02:00","checksum":"69980252748"}
Source of data librisxl
887 ## - NON-MARC INFORMATION FIELD
Content of non-MARC field {"@id":"59h2r81b18lpnqq","modified":"2020-01-28T12:32:54.053+01:00","checksum":"92734295609"}
Source of data librisxl
887 ## - NON-MARC INFORMATION FIELD
Content of non-MARC field {"@id":"z9zf6cz7w89495bc","modified":"2019-12-16T12:07:50.145+01:00","checksum":"59345179986"}
Source of data librisxl
887 ## - NON-MARC INFORMATION FIELD
Content of non-MARC field {"@id":"26c1sz575b785fp","modified":"2012-08-13T07:51:28+02:00","checksum":"71103402441"}
Source of data librisxl
887 ## - NON-MARC INFORMATION FIELD
Content of non-MARC field {"@id":"37d2t0682r90x1j","modified":"2008-04-10T12:51:25+02:00","checksum":"65760097819"}
Source of data librisxl
887 ## - NON-MARC INFORMATION FIELD
Content of non-MARC field {"@id":"48f3v1790brmbvd","modified":"2018-06-05T18:38:44.841+02:00","checksum":"65222304280"}
Source of data librisxl
887 ## - NON-MARC INFORMATION FIELD
Content of non-MARC field {"@id":"gls5nx7m4dzn79b","modified":"2012-01-18T15:32:09+01:00","checksum":"60394333840"}
Source of data librisxl
887 ## - NON-MARC INFORMATION FIELD
Content of non-MARC field {"@id":"v061kps136j5jvd","modified":"2015-09-24T12:08:28+02:00","checksum":"59840784093"}
Source of data librisxl
887 ## - NON-MARC INFORMATION FIELD
Content of non-MARC field {"@id":"59g4w28b2jwgm1m","modified":"2018-06-05T18:38:44.843+02:00","checksum":"56211097911"}
Source of data librisxl
942 ## - ADDED ENTRY ELEMENTS (KOHA)
Source of classification or shelving scheme Other/Generic Classification Scheme
Koha item type Bok
Bestånd
Withdrawn status Lost status Source of classification or shelving scheme Damaged status Not for loan Home library Current library Date acquired Total Checkouts Total Renewals Full call number Barcode Date last seen Date last checked out Price effective from Koha item type
    Other/Generic Classification Scheme     Karlskoga Lasarettsbibliotek Karlskoga Lasarettsbibliotek 23/05/2022 3 7 WW 460 26345010964 09/06/2025 08/01/2025 23/05/2022 Bok
    Other/Generic Classification Scheme     Lindesbergs Medicinska Bibliotek Lindesbergs Medicinska Bibliotek 17/09/2020 4 17 WW 460 26153006000 29/04/2024 11/01/2024 17/09/2020 Bok
Medicinska biblioteket, Karlskoga lasarett
Måndag och onsdag: 10.00-14.30, Lunchstängt 11.30-12.00.
Fredagar: 10.00-12.00.

Madelene Ribbing, bibliotekarie
Lena Mileraux, biblioteksassistent/administratör
0586-664 49
medbibl.kgalas@regionorebrolan.se




Medicinska biblioteket, Lindesbergs lasarett
Dörren till bibliotket är upplåst mellan 07-16:00 på vardagar.
Dörren i hisshallen är öppen måndag - tosdag 7.00 - 15.00. Fredagar stängt.

Bibliotekets bemanning:
Mån: självbetjäning
Tis, ons och tors: 10-15
Fre: självbetjäning

Madelene Ribbing, bibliotekarie
Telefon: 0581-853 11, 072-14 77 552
medbibl.lbglas@regionorebrolan.se